| 000 | 00666nam a2200241 i 4500 | ||
|---|---|---|---|
| 001 | 2268816 | ||
| 005 | 20180301083035.0 | ||
| 008 | 780419s1977 enka 001 0 eng | ||
| 010 | _a 78300811 | ||
| 015 | _aGB77-25716 | ||
| 020 |
_a0340218541 (set) : _c£4.95 |
||
| 040 |
_aDLC _cDLC _dDLC |
||
| 041 | _aeng | ||
| 043 | _ae-uk--- | ||
| 080 | _a635 ALL | ||
| 082 | 0 | 0 | _a635 ALL |
| 100 | _a9 | ||
| 101 | _aMJE | ||
| 245 | 0 | 0 |
_aReader's Digest complete book of the garden / _c[consultant editor Roy Hay, revisions editor Lizzie Boyd]. |
| 740 | _aComplete book of the garden. | ||
| 906 |
_a7 _bcbc _corignew _d3 _encip _f19 _gy-gencatlg |
||
| 942 |
_2ddc _cBK |
||
| 999 |
_c43860 _d43860 |
||